Score 0/30 Timer 02:00
0 Plays Today
Title Word % Correct
The ___ After TomorrowDay
98%
Iron ___Man
97.3%
Mamma ___!Mia
97.1%
The Good, the ___ and the UglyBad
96.1%
Raiders of the Lost ___Ark
93.2%
Boys Don't ___Cry
91.2%
___ of the WorldsWar
91.1%
___ Pray Love Eat
90%
Live and Let ___Die
89.5%
Apocalypse ___Now
89.3%
___ StoryToy
88.3%
Some Like It ___Hot
88.1%
Beverly Hills ___Cop
87.5%
Butch Cassidy and the Sundance ___Kid
86.9%
The Kids Are ___ RightAll
85.2%
Title Word % Correct
Babe: ___ in the CityPig
83.8%
___-HurBen
79.8%
___, lies and videotapesex
77.9%
The ___ CoupleOdd
76.1%
___ Trouble in Little ChinaBig
74.1%
___ of SightOut
68.4%
Death Becomes ___Her
67.4%
___ Day AfternoonDog
67.1%
A Place in the ___Sun
62.4%
Elizabeth: The Golden ___ Age
59.3%
The ___ Luck ClubJoy
55.2%
What About ___?Bob
55.2%
All About ___Eve
46.6%
Oh ___God
43.2%
To ___, with LoveSir
41.3%

Today's Daily Dose

Remove Ads.
Support Sporcle.
Get the best of Sporcle when you Go Orange. This ad-free experience offers more features, more stats, and more fun while also helping to support Sporcle. Thank you for becoming a member.

You're not logged in!

Compare scores with friends on all Sporcle quizzes.
OR
Log In

Show Comments

Extras

Top Quizzes Today


Score Distribution

Your Account Isn't Verified!

In order to create a playlist on Sporcle, you need to verify the email address you used during registration. Go to your Sporcle Settings to finish the process.

Report this User

Report this user for behavior that violates our Community Guidelines.

Details: